000 00523nam a2200205Ia 4500
005 20250508165255.0
008 008 250505s9999 xx 000 0 hin d
020 _a81-7487-136-5
037 _aTextual
040 _aFEDL
_beng
_cFEDL
041 _ahin
_2eng
084 _a891.433, PRE
_qFEDL
100 _aPremchand
245 0 _aGodan
260 _aDelhi, India
_bKailvin Publications
_c2012
300 _a440p.
365 _aINR
_b700
942 _cTEXL
_h891.433, PRE
999 _c1394186
_d1394186